000 00663nam a2200241Ia 4500
003 OSt
005 20220918173921.0
006 a|||||r|||| 00| 0
007 ta
008 220917b |||||||| |||| 00| 0 eng d
024 _a9,215
037 _cTextual
040 _aARTS
_cARTS
_beng
041 _2eng
_aeng
082 _aA:(R), M3-;1
100 _aHacking Ian
_917945
245 0 _aRepresenting and intervening
_b Introductory topics in the philosophy of natural science
260 _aCambridge
_bCUP
_c1983
300 _axv,287
_ccm.
650 _aSCIENCE
942 _hA:(R), M3-;1
_cTEXL
_2CC
999 _c150916
_d150916